000
00284nam a22001337a 4500
003
SGT
020
_a
9781848213340
082
_a
610.285.63,TRO
100
_a
TROCCAZ,JOCELYNE
245
_a
MEDICAL ROBOTICS
260
_a
USA
_b
WILEY AND SONS
_c
2012
300
_a
412
942
_2
ddc
_c
BK
999
_c
29369
_d
29369